000 00527nam a22001937a 4500
003 OSt
008 251202b |||||||| |||| 00| 0 eng d
082 _a638.1
_bM66F
100 _aMishra, Matangi.
245 _aFloral Biology, Foraging Behaviour of Honey Bees and Pollination Studies in Litchi (Litchi chinensis Sonn.)
260 _a.- Pusa, Samastipur
_b: RAU
_c, 2012
300 _a51p.
650 _aEntomology
650 _aLitchi
650 _aHoney Bees
650 _aThesis
650 _aM. Sc.
942 _2ddc
_cT
999 _c49276
_d49276